000 00706nam a2200289Ia 4500
005 20260324125746.0
008 008 260324s9999 xx 000 0 eng d
020 _a9780203838037
037 _aEBOOK
040 _aCRL
040 _beng
040 _cCRL
041 _2eng
041 _aeng
084 _qCRL
100 _aLorraine E. Wolf; Hope E. Schreiber; Jeanette Wasserstein
_91179206
245 0 _aAdult Learning Disorders
245 0 _bContemporary Issues
260 _bTaylor and Francis
260 _c2008
365 _a
365 _b220
856 _uhttp://www.taylorfrancis.com/books/9780203838037
942 _cEBOOK
999 _c1774755
_d1774755